[Event "Davos Amateur op"]
[Site "Davos"]
[Date "2024.08.02"]
[Round "1"]
[White "Thombre, Vihaan"]
[Black "Portmann, Daniel"]
[Result "0-1"]
[WhiteElo "1592"]
[BlackElo "1926"]
[PlyCount "64"]
[EventDate "2024.08.02"]
[EventType "swiss"]
[EventRounds "5"]
[EventCountry "SUI"]
[SourceTitle "CBM 221 Extra"]
[Source "ChessBase"]
[SourceDate "2024.09.30"]
[SourceVersion "1"]
[SourceVersionDate "2024.09.30"]
[SourceQuality "1"]

1. e4 c5 2. c3 e6 3. d4 cxd4 4. cxd4 d5 5. e5 Qb6 6. Bd3 Bd7 7. Ne2 Nc6 8. Bc2 Rc8 9. Nbc3 f6 10. f4 fxe5 11. fxe5 a6 12. 0-0 Nxe5 13. Nf4 Nf6 14. Nh5 Nc6 15. Nxf6+ gxf6 16. Be3 Be7 17. b3 Nb4 18. Bd2 Qxd4+ 19. Kh1 Rxc3 20. Rf4 Qe5 21. Bxc3 Qxf4 22. a3 Nxc2 23. Qxc2 Bc6 24. Qe2 Qe4 25. Qh5+ Qg6 26. Qe2 e5 27. Re1 Rg8 28. Rg1 d4 29. Be1 d3 30. Qd2 Bc5 31. Bf2 Bxg2+ 32. Rxg2 Qxg2# 0-1